MARC

LEADER 00000nam0a2200000 4500
001 377634
005 20231102012931.0
035 |a (RuTPU)RU\TPU\retro\35085 
090 |a 377634 
100 |a 20230322d1979 k y0rusy50 ca 
101 0 |a rus 
102 |a RU 
105 |a a z 001zy 
200 1 |a Электрохимическое полирование металлов  |f В. М. Штанько, П. П. Карязин 
210 |a Москва  |c Металлургия  |d 1979 
215 |a 160 с.  |c ил. 
320 |a Библиогр.: с. 154-160 
606 1 |a Полирование металлов  |2 stltpush  |3 (RuTPU)RU\TPU\subj\50438  |9 69116 
610 1 |a электролиты 
610 1 |a цветные металлы 
610 1 |a медь 
610 1 |a нержавеющие стали 
610 1 |a никелевые сплавы 
675 |a 621.923.7  |v 3 
700 1 |a Штанько  |b В. М.  |g Владлен Михайлович 
701 1 |a Карязин  |b П. П.  |g Павел Петрович 
801 1 |a RU  |b 63413507  |c 20230322 
942 |c BK